แสดงรายละเอียดบรรณานุกรม
  กลับหน้าหลัก

Brief Record : Get Marc (ISO 2709) : E-mail record : QR code ปิดหน้าต่าง
LEADER 00000nama 2200000uu 4500
008    040531s2542 th m m a000 0 tha d
020    974-8222-66-7
041    tha
050    QT255 พ887ก
100    เพ็ญนภา ทรัพย์เจริญ
245    กายบริหารแบบไทย ท่าฤๅษีดัดตนพื้นฐาน 15 ท่า 001
246    ท่าฤๅษีดัดตน
260    กรุงเทพฯ สถาบันการแพทย์แผนไทย 2542
300    63 หน้า
650    การดัดตน กายบริหารแบบไทย
998    2002-01-16
รายการนี้ยังไม่มีแท็ก
คุณยังไม่ได้ล็อกอิน คุณสามารถมีกิจกรรมร่วมกับเว็บไซต์ได้ แต่ต้องล็อกอินก่อน ::
  ล็อกอิน
ลำดับที่ ประเภท เลขเรียก สถานที่ สถานะ
1. หนังสือทั่วไป
หนังสือทั่วไป
QT255 พ887ก 2542  
  
หนังสือทั่วไป On Shelf
  ขอยืม
2. หนังสือทั่วไป
หนังสือทั่วไป
QT255 พ887ก 2542  
  
หนังสือทั่วไป On Shelf
  ขอยืม
3. หนังสือทั่วไป
หนังสือทั่วไป
QT255 พ887ก 2542  
  
หนังสือทั่วไป On Shelf
  ขอยืม
4. หนังสือทั่วไป
หนังสือทั่วไป
QT255 พ887ก 2542  
  
หนังสือทั่วไป On Shelf
  ขอยืม
   [แสดง 4/4 รายการ]

รายการใกล้เคียง
    ผู้แต่ง [เพ็ญนภา ทรัพย์เจริญ]

BibComment


ยังไม่เคยถูกคอมเมนท์

คอมเมนท์ทรัพยากรรายการนี้
  คอมเมนท์: กายบริหารแบบไทย ท..
Bib 187304

 
 
 

 Union Library Management : ULibM
Copyright 2026. All Rights Reserved.
скачать бесплатно без регистрации порно красивый секс HD Sex Hindi sex

xxx gou

xxxx

bfxxx

xxxwww

Секса Видео

xxxx

Секса Видео

detube

geilexxx

C99 Shell

worms shell

blod xxx video
Ebony Coed Rihanna Rimes Takes A Dick In Her Young Twat priyaa indian fuck anal and pusssy hardcore indian women xxx desi hardcore fucking part 1 bengalixxxcouple